Corporate Diplomacy (Record no. 115132)
[ view plain ]
| 000 -LEADER | |
|---|---|
| fixed length control field | 00924cam a22002055a 4500 |
| 001 - CONTROL NUMBER | |
| control field | L158086 |
| 008 - FIXED-LENGTH DATA ELEMENTS--GENERAL INFORMATION | |
| fixed length control field | 140430s2014 xxk f 000 0 eng d |
| 020 ## - INTERNATIONAL STANDARD BOOK NUMBER | |
| International Standard Book Number | 9781783530557 |
| 035 ## - SYSTEM CONTROL NUMBER | |
| System control number | (Sirsi) u158086 |
| 041 0# - LANGUAGE CODE | |
| Language code of text/sound track or separate title | eng |
| 050 04 - LIBRARY OF CONGRESS CALL NUMBER | |
| Classification number | 658.404 |
| 100 1# - MAIN ENTRY--PERSONAL NAME | |
| Personal name | Henisz, Witold |
| 245 00 - TITLE STATEMENT | |
| Title | Corporate Diplomacy |
| Remainder of title | Building Reputations and Relationships with External Stakeholders |
| 260 ## - PUBLICATION, DISTRIBUTION, ETC. | |
| Place of publication, distribution, etc. | Sheffield |
| Name of publisher, distributor, etc. | Greenleaf Publishing Limited |
| Date of publication, distribution, etc. | 2014 |
| 300 ## - PHYSICAL DESCRIPTION | |
| Extent | xx, 203p, 24cm |
| 520 ## - SUMMARY, ETC. | |
| Summary, etc. | Argues that the strategic management of relationships with external stakeholders is good for public relations and creates real and lasting business value. Includes many examples, practical tools and perspectives on the fundamental challenges that managers of multinational corporations regularly face. |
| 651 #4 - SUBJECT ADDED ENTRY--GEOGRAPHIC NAME | |
| Geographic name | International |
| 690 ## - LOCAL SUBJECT ADDED ENTRY--TOPICAL TERM (OCLC, RLIN) | |
| Topical term or geographic name as entry element | MANAGEMENT-BUSINESS MANAGEMENT-BUSINESS ETHICS-CORPORATE SOCIAL RESPONSIBILITY |
| 942 ## - ADDED ENTRY ELEMENTS (KOHA) | |
| Suppress in OPAC | 0 |
| Withdrawn status | Lost status | Source of classification or shelving scheme | Damaged status | Not for loan | Home library | Current library | Shelving location | Date acquired | Total Checkouts | Full call number | Barcode | Date last seen | Copy number | Price effective from | Koha item type |
|---|---|---|---|---|---|---|---|---|---|---|---|---|---|---|---|
| Dewey Decimal Classification | London | London | Books | 30/04/2014 | 658.404 HEN | 30075109 | 06/08/2019 | 1 | 06/08/2019 | Book |